Statistics for Meats to animals

Click here to take the quiz!

General Stats

  • This quiz has been taken 187 times
    (146 since last reset)
  • The average score is 12 of 19

Answer Stats

MeatAnimal% Correct
BeefCow
99%
Drum SticksChicken
98%
BaconPig
97%
PoultryChicken
91%
HamPig
90%
Buffalo wingsChicken
85%
VenisonDeer
83%
Hot dogsPig/cow
78%
BrisketCow
74%
Spare ribsPig
74%
CamelCamel
72%
Pot roastCow
66%
VealYoung cow
64%
MallardDuck
60%
AhiTuna
30%
ChowDog
25%
Long PigHuman
9%
Smoked bratwurstWild boar
8%
UmblesDeer
7%

Score Distribution

Percentile by Number Answered

Percent of People with Each Score

Your Score History

You have not taken this quiz since the last reset